000 01031nas a2200337 4500
001 BR0200611
003 BR-BrBNA
005 20231205102726.0
007 ta
008 230509b bl.|||p| |||| 00| 00por d
040 _aBR-BrBNA
_bpor
_cBiblioteca Nacional de Agricultura
041 _a(Pt)
072 _aL53
100 1 _aPellegrino, C.A.G.
100 1 _aHenry, M.
100 1 _aFaria, E.P.
100 1 _aGonçalves, A.
100 1 _aWhite, C.
111 1 _a14. Congresso Brasileiro de Reprodução Animal
_cBelo Horizonte, MG (Brazil)
_d1-5 Aug 2001
245 1 _aIndução de luteólise em vacas Nelore com o uso do Etiproston
650 _aGADO NELORE
650 _aNOVILHO
650 _aINDUÇÃO
650 _aHORMôNIO
650 _aPROGESTERONA
650 _aCICLO ESTRAL
650 _aFERTILIDADE
773 0 _tRevista Brasileira de Reprodução Animal (Brazil)
_xISSN 0102-0803
_g(Jul-Sep 2001), v. 25(3) p. 317-319
_wBR0200611
909 _a202311
_bLúcia
_c55
_dLúcia Elande
942 _2AGRIS
_n0
_cANA
999 _c169001
_d169001